|
|
|
|
| LEADER |
00000nam a2200000 a 4500 |
| 001 |
vtls001223133 |
| 003 |
SK-MaSNL |
| 005 |
20260301112637.0 |
| 008 |
160114s1996 xo ap r yy 0 slo |
| 015 |
|
|
|a SNBA1997/0601757
|
| 020 |
|
|
|a 8096729535
|
| 035 |
|
|
|a SNK000169039
|
| 035 |
|
|
|a urn:nbn:sk:snk-amk59x
|
| 035 |
|
|
|a urn:nbn:sk:snk-am00501o
|
| 035 |
|
|
|a 6E0EE783-99A4-4DF4-AB2C-3D48A3CFBB15
|
| 040 |
|
|
|a SNK
|b slo
|c SNK
|e AACR2
|
| 041 |
0 |
|
|a slo
|
| 044 |
|
|
|a xo
|c SK
|
| 080 |
|
|
|a 338.53
|2 1981
|
| 245 |
0 |
0 |
|a Cenová stratégia
|c Michal Janok, Michal Oláh a kolektív
|
| 260 |
|
|
|a Bratislava
|b Mika Conzult
|c 1996
|
| 300 |
|
|
|a 251 s.
|b fotogr., grafy, sch., tab.
|c 22 cm
|
| 500 |
|
|
|a 4000 výt.
|
| 504 |
|
|
|a Bibliogr. s. 250
|
| 655 |
|
7 |
|a príručky
|2 SNK
|9 74364
|
| 700 |
1 |
|
|a Janok, Michal,
|d 1943-
|4 aut
|9 206093
|
| 700 |
1 |
|
|a Oláh, Michal,
|d 1931-
|4 aut
|9 109804
|
| 919 |
|
|
|a 80-967295-3-5
|
| 958 |
|
|
|a TL
|
| 958 |
|
|
|a NB
|
| 999 |
|
|
|c 711113
|d 713043
|
| 952 |
|
|
|t P60, <03>, [BOOK], {603}
|a SNK
|b SNK
|y PREZ
|7 0
|p 17A0017437
|o snkSC 91722
|i snkKSP 9914/96
|0 0
|1 0
|4 0
|d 1996-11-18
|f 1
|l 0
|r 2025-09-10 00:00:00
|w 2026-02-23
|
| 952 |
|
|
|t P60, <04>, [BOOK], {604}
|a SNK
|b SNK
|y VYP
|7 0
|p 17A0017438
|o snkSC 91722 D1
|i snkKSP 9915/96
|0 0
|1 0
|4 0
|d 1996-11-18
|l 0
|r 2005-01-01 00:00:00
|w 2026-02-23
|
| 952 |
|
|
|t P60, <09>, [BOOK], {629}
|a SNK
|b SNK
|y NEVYP
|7 0
|o snkC 3102
|i snk4047/961120
|0 0
|1 0
|4 0
|d 1996-11-18
|l 0
|r 2005-01-01 00:00:00
|w 2026-02-23
|